Library of the University of Algiers 3
Ibrahim Sultan Cheibout
شعار جامعة الجزائر 3
مكتبة جامعة الجزائر 3
إبراهيم سلطان شيبوط

العمليات المصرفية والسوق المالية: : (رقم التسجيلة. 46271)

تفاصيل مارك
000 -LEADER
fixed length control field 01239nam a2200193Ia 4500
003 - CONTROL NUMBER IDENTIFIER
control field Ost
005 - DATE AND TIME OF LATEST TRANSACTION
control field 20260507075801.0
008 - FIXED-LENGTH DATA ELEMENTS--GENERAL INFORMATION
fixed length control field 260507s9999||||xx |||||||||||||| ||und||
040 ## - CATALOGING SOURCE
Transcribing agency fsecg
041 ## - LANGUAGE CODE
Language code of text/sound track or separate title ara
100 ## - MAIN ENTRY--PERSONAL NAME
Personal name الناشف، انطوان
Relator term مؤلف
245 #0 - TITLE STATEMENT
Title العمليات المصرفية والسوق المالية: :
Remainder of title المفهوم القانوني للسوق المالية ومدى علاقتها بالنظام المصرفي الجزء 02 /
Statement of responsibility, etc. انطوان الناشف
260 ## - PUBLICATION, DISTRIBUTION, ETC.
Place of publication, distribution, etc. طرابلس:
Name of publisher, distributor, etc. المؤسسة الحديثة للكتاب,
Date of publication, distribution, etc. 1998
300 ## - PHYSICAL DESCRIPTION
Extent 528 صفحة؛
Dimensions 25 سم
520 ## - SUMMARY, ETC.
Summary, etc. -تعريف السوق المالية والبورصة والاوراق-المؤسسات العاملة في السوقين التقدية والمالية-عمليات بيع وشراء الاسهم واالوراق في السوق المالية-الاتمان-المفهوم القانونى للسوق المالية والمبادئ العامة لتطويرها وتفعيلها-بروصق بيروت-بنية الوساطة المالية في لبنان-درو ال
653 ## - INDEX TERM--UNCONTROLLED
Uncontrolled term العمليات المصرفية
700 ## - ADDED ENTRY--PERSONAL NAME
Personal name الهندي، خليل
Relator term مؤلف ثانوي
942 ## - ADDED ENTRY ELEMENTS (KOHA)
Koha item type كتب
المقتنيات
Withdrawn status Lost status Source of classification or shelving scheme Damaged status Not for loan Home library Current library Date acquired Serial enumeration / chronology Inventory number Total checkouts Full call number Barcode Date last seen Price effective from Koha item type
    Dewey Decimal Classification   Available مكتبة كلية العلوم الإقتصادية والعلوم التجارية وعلوم التسيير مكتبة كلية العلوم الإقتصادية والعلوم التجارية وعلوم التسيير 07/05/2026 الطابق الأرضي 510/2/1   أ/510ج2ن1 510/2/1 07/05/2026 07/05/2026 كتب
    Dewey Decimal Classification   Available مكتبة كلية العلوم الإقتصادية والعلوم التجارية وعلوم التسيير مكتبة كلية العلوم الإقتصادية والعلوم التجارية وعلوم التسيير 07/05/2026 الطابق الثاني 510/2/2   أ/510ج2ن2 510/2/2 07/05/2026 07/05/2026 كتب
    Library of Congress Classification   NOT LOAN / إعارة داخلية مكتبة كلية العلوم الإقتصادية والعلوم التجارية وعلوم التسيير مكتبة كلية العلوم الإقتصادية والعلوم التجارية وعلوم التسيير 07/05/2026 الطابق الأرضي 26851   أ/510ج2ن3 26851 07/05/2026 07/05/2026 كتب

موارد الويب المفتوحة


© University of Algiers 3 All Rights Reserved
|
Implemented by LECHELAH Riad